000 00730cam a22001571 4500
082 _a909
_bWEA
_cD
100 1 _aPutnam Weale, B. L.
_949692
245 1 4 _aThe truce in the East and its aftermath;
_bbeing the sequel to 'The re-shaping of the Far East,'
_cby B. L. Putnam Weale [pseud.]
260 _aNew York,
_bThe Macmillan company;
_aLondon,
_bMacmillan & co., ltd.,
_c1907.
300 _axv, 647 p.
_bfront., 15 pl., 2 fold. maps, chart, fold. tab.
_c23 cm.
505 0 _apt. 1. Japan and the new position.--pt. 2. China and the Chinese.--pt. 3. The powers and their influence.--Appendices.
526 _a0
_b0
_c0
_d909_000000000000000_WEA
650 0 _aEastern question (Far East)
_949504
650 0 _aMCE
_9379
942 _2ddc
_cBK
999 _c553256
_d553256